书目信息 |
| 题名: |
教育经济学
|
|
| 作者: | 科恩 著 ;王玉崑 , 李国良 , 李超 译 | |
| 分册: | ||
| 出版信息: | 上海 华东师范大学出版社 1989 |
|
| 页数: | 314页 | |
| 开本: | 20cm | |
| 丛书名: | ||
| 单 册: | ||
| 中图分类: | G40-054 | |
| 科图分类: | ||
| 主题词: | 教育学 | |
| 电子资源: | ||
| ISBN: | 7-5617-0292-2 | |
| 000 | 00668nam0 2200229 45 | |
| 001 | 0404290923 | |
| 005 | 20040429093702.5 | |
| 010 | @a7-5617-0292-2@dCNY2.85 | |
| 100 | @a20040429d1989 km y0chiy0120 ea | |
| 101 | 0 | @achi@ceng |
| 105 | @a z 000yy | |
| 200 | 1 | @a教育经济学@AJiao Yu Jing Ji Xue@f(美)E.科恩著@F(Mei)E.Ke En Zhu@g王玉崑,李国良,李超译 |
| 210 | @a上海@c华东师范大学出版社@d1989 | |
| 215 | @a314页@d20cm | |
| 606 | 0 | @a教育学 |
| 690 | @aG40-054@v3 | |
| 701 | 0 | @a科恩@4著 |
| 702 | 0 | @a王玉崑@AWang Yu Kun@4译 |
| 702 | 0 | @a李国良@ALi Guo Liang@4译 |
| 702 | 0 | @a李超@ALi Chao@4译 |
| 801 | @aCN@bTSTCL@c20040429 | |
| 905 | @f1@b226127@dG40-054@e127 | |
| 教育经济学/(美)E.科恩著/王玉崑,李国良,李超译.-上海:华东师范大学出版社,1989 |
| 314页;20cm |
| ISBN 7-5617-0292-2:CNY2.85 |
| ● |
| 相关链接 |
|
|
|
|
正题名:教育经济学
索取号:G40-054/127
 
预约/预借
| 序号 | 登录号 | 条形码 | 馆藏地/架位号 | 状态 | 备注 |
| 1 | 0226127 | 000266740 | 密集书库/ [索取号:G40-054/127] | 在馆 | |
| 2 | 0226128 | 000266731 | 第一样本阅览室/ [索取号:G40-054/127] | 在馆 |